Vplyv princípov legislatívnej činnosti na modernú štátnu správu

Poblematika princípov legislatívnej činnosti jednotlivých inštitúcií štátnej správy, pričom ide o ústavné princípy. Interakcia princípov legislatívnej činnosti a tvorba modernej štátnej správy, ku ktorej chce smerovať každá vyspelá spoločnosť.

Na minha lista:
Detalhes bibliográficos
Autor principal: Hrtánek, Ladislav
Formato: Capítulo de Livro
Idioma:eslovaco
Assuntos:
Tags: Adicionar Tag
Sem tags, seja o primeiro a adicionar uma tag!

MARC

LEADER 00000nla$a2200000$$$4500
001 0144713
005 20220905110947.8
041 0 |a slo 
044 |a SK 
245 1 0 |a Vplyv princípov legislatívnej činnosti na modernú štátnu správu  |c Ladislav Hrtánek 
520 |a Poblematika princípov legislatívnej činnosti jednotlivých inštitúcií štátnej správy, pričom ide o ústavné princípy. Interakcia princípov legislatívnej činnosti a tvorba modernej štátnej správy, ku ktorej chce smerovať každá vyspelá spoločnosť. 
610 2 0 |a správa verejná 
610 2 0 |a správa štátna 
610 2 0 |a konanie správne 
610 2 0 |a systémy správne 
610 2 0 |a služba verejná 
610 2 0 |a služba štátna 
610 2 0 |a politika verejná 
610 2 0 |a predpisy právne 
610 2 0 |a legislatíva 
100 1 |a Hrtánek, Ladislav